[Event "EWIBCC 2019"]
[Site "Monte-Carlo"]
[Date "2019.11.29"]
[Round "9.16"]
[White "Janzelj, Lara"]
[Black "Bodnaruk, Anastasia"]
[Result "0-1"]
[WhiteElo "2158"]
[BlackElo "2412"]
[Annotator "ChessBase"]
[PlyCount "146"]
[EventDate "2019.11.29"]
[EventType "swiss"]
[EventCountry "MNC"]
[SourceTitle "playchess.com"]
[Source "ChessBase"]
[SourceQuality "1"]
[TimeControl "180+2"]

1. d4 {[%emt 0:00:00]} Nf6 {[%emt 0:00:00]} 2. c4 g6 3. Nc3 {[%emt 0:00:01]} Bg7 {[%emt 0:00:00]} 4. e4 {[%emt 0:00:01]} d6 {[%emt 0:00:00]} 5. Be2 {[%emt 0:00:01]} O-O {[%emt 0:00:02]} 6. Nf3 {[%emt 0:00:01]} e5 {[%emt 0:00:01]} 7. d5 {[%emt 0:00:01]} a5 {[%emt 0:00:01]} 8. Bg5 {[%emt 0:00:01]} h6 {[%emt 0:00:09]} 9. Be3 {[%emt 0:00:00]} Ng4 {[%emt 0:00:14]} 10. Bd2 {[%emt 0:00:01]} f5 {[%emt 0:00:02]} 11. h3 {[%emt 0:00:01]} Nf6 {[%emt 0:00:01]} 12. exf5 {[%emt 0:00:02]} gxf5 {[%emt 0:00:02]} 13. Qc1 {[%emt 0:00:00]} Kh7 {[%emt 0:00:11]} 14. g4 {[%emt 0:00:02]} Ng8 {[%emt 0:00:49]} 15. g5 {[%emt 0:00:32]} h5 {[%emt 0:00:43]} 16. g6+ {[%emt 0:00:14]} Kxg6 {[%emt 0:00:44]} 17. Rg1+ {[%emt 0:00:02]} Kh7 {[%emt 0:00:04]} 18. Ng5+ {[%emt 0:00:02]} Kh8 {[%emt 0:00:02]} 19. Bxh5 {[%emt 0:00:01]} Qf6 {[%emt 0:00:08]} 20. Qd1 {[%emt 0:00:34]} Nh6 {[%emt 0:00:05]} 21. Qf3 {[%emt 0:00:13]} Na6 {[%emt 0:00:08]} 22. Qg3 {[%emt 0:00:16]} Nb4 {[%emt 0:00:06]} 23. O-O-O {[%emt 0:00:04]} e4 {[%emt 0:00:03]} 24. Kb1 {[%emt 0:00:24]} Nd3 {[%emt 0:00:04]} 25. Bc1 {[%emt 0:00:29]} a4 {[%emt 0:00:02]} 26. Ngxe4 {[%emt 0:00:10]} fxe4 {[%emt 0:00:04]} 27. Nxe4 {[%emt 0:00:01]} Qe7 {[%emt 0:00:03]} 28. Rxd3 {[%emt 0:00:08]} Bf5 {[%emt 0:00:02]} 29. f3 {[%emt 0:00:01]} a3 {[%emt 0:00:08]} 30. Bg5 {[%emt 0:00:08]} Qe5 {[%emt 0:00:02]} 31. Qxe5 {[%emt 0:00:03]} dxe5 {[%emt 0:00:00]} 32. Rxa3 {[%emt 0:00:04]} Rxa3 33. bxa3 {[%emt 0:00:01]} Bxh3 {[%emt 0:00:00]} 34. Bxh6 {[%emt 0:00:02]} Bxh6 {[%emt 0:00:01]} 35. Rh1 {[%emt 0:00:01]} Bg2 {[%emt 0:00:01]} 36. Rh2 {[%emt 0:00:04]} Bf1 {[%emt 0:00:00]} 37. Bg4 {[%emt 0:00:02]} Kg7 {[%emt 0:00:01]} 38. Kb2 {[%emt 0:00:03]} Bxc4 {[%emt 0:00:13]} 39. Nc3 {[%emt 0:00:03]} b6 {[%emt 0:00:00]} 40. Be6 {[%emt 0:00:02]} Bf4 {[%emt 0:00:00]} 41. Rg2+ {[%emt 0:00:01]} Kh6 {[%emt 0:00:00]} 42. Ne4 {[%emt 0:00:02]} b5 {[%emt 0:00:00]} 43. Kc3 {[%emt 0:00:03]} c6 {[%emt 0:00:02]} 44. Nf2 {[%emt 0:00:11]} cxd5 {[%emt 0:00:02]} 45. Ng4+ {[%emt 0:00:01]} Kh5 {[%emt 0:00:03]} 46. Kb4 {[%emt 0:00:05]} Ra8 {[%emt 0:00:03]} 47. Nf6+ {[%emt 0:00:02]} Kh6 {[%emt 0:00:01]} 48. Bf5 {[%emt 0:00:04]} Ra4+ {[%emt 0:00:02]} 49. Kc5 {[%emt 0:00:01]} Be3+ {[%emt 0:00:03]} 50. Kc6 {[%emt 0:00:05]} Ra6+ {[%emt 0:00:01]} 51. Kc7 {[%emt 0:00:02]} Rxf6 {[%emt 0:00:01]} 52. Rh2+ {[%emt 0:00:02]} Kg5 {[%emt 0:00:01]} 53. Bc2 {[%emt 0:00:02]} Rxf3 {[%emt 0:00:03]} 54. Rg2+ {[%emt 0:00:01]} Kf6 {[%emt 0:00:01]} 55. Kd6 {[%emt 0:00:00]} e4 {[%emt 0:00:02]} 56. Rg8 {[%emt 0:00:02]} Kf7 {[%emt 0:00:01]} 57. Rg4 {[%emt 0:00:02]} Rf2 {[%emt 0:00:01]} 58. Bd1 {[%emt 0:00:03]} Rxa2 {[%emt 0:00:04]} 59. Ke5 {[%emt 0:00:02]} Rxa3 {[%emt 0:00:02]} 60. Rg2 {[%emt 0:00:02]} Ra1 {[%emt 0:00:05]} 61. Bh5+ {[%emt 0:00:01]} Kf8 {[%emt 0:00:01]} 62. Rg6 {[%emt 0:00:06]} Rf1 {[%emt 0:00:03]} 63. Ra6 {[%emt 0:00:02]} Kg7 {[%emt 0:00:02]} 64. Rg6+ {[%emt 0:00:02]} Kh7 {[%emt 0:00:00]} 65. Ra6 {[%emt 0:00:01]} Bg5 {[%emt 0:00:03]} 66. Bg4 {[%emt 0:00:02]} e3 {[%emt 0:00:03]} 67. Bf5+ {[%emt 0:00:02]} Rxf5+ {[%emt 0:00:02]} 68. Kxf5 {[%emt 0:00:01]} e2 {[%emt 0:00:01]} 69. Ra1 {[%emt 0:00:02]} Bd2 {[%emt 0:00:01]} 70. Rh1+ {[%emt 0:00:01]} Kg7 {[%emt 0:00:01]} 71. Rg1+ {[%emt 0:00:01]} Kf7 {[%emt 0:00:01]} 72. Rh1 {[%emt 0:00:02]} e1=Q {[%emt 0:00:03]} 73. Rh7+ {[%emt 0:00:01]} Kg8 {[%emt 0:00:01]} 0-1

[Event "EWIBCC 2019"]
[Site "Monte-Carlo"]
[Date "2019.11.29"]
[Round "9.17"]
[White "Antova, Gabriela"]
[Black "Daulyte-Cornette, Deimante"]
[Result "1-0"]
[WhiteElo "2306"]
[BlackElo "2405"]
[Annotator "NA"]
[PlyCount "53"]
[EventDate "2019.11.29"]
[EventType "swiss"]
[EventCountry "MNC"]
[SourceTitle "playchess.com"]
[Source "ChessBase"]
[SourceQuality "1"]
[TimeControl "180+2"]

1. d4 {[%emt 0:00:00]} Nf6 {[%emt 0:00:00]} 2. c4 {[%emt 0:00:01]} b6 {[%emt 0:00:00]} 3. Nc3 {[%emt 0:00:06]} Bb7 {[%emt 0:00:01]} 4. Qc2 {[%emt 0:00:01]} d5 {[%emt 0:00:01]} 5. cxd5 {[%emt 0:00:12]} Nxd5 {[%emt 0:00:02]} 6. a3 {[%emt 0:00:22]} e6 {[%emt 0:00:17]} 7. e4 {[%emt 0:00:02]} Nxc3 {[%emt 0:00:01]} 8. bxc3 {[%emt 0:00:02]} Be7 {[%emt 0:00:09]} 9. Nf3 {[%emt 0:02:32]} c5 {[%emt 0:00:28]} 10. Bd3 {[%emt 0:00:00]} cxd4 {[%emt 0:00:04]} 11. cxd4 {[%emt 0:00:00]} O-O {[%emt 0:00:04]} 12. O-O {[%emt 0:00:00]} Nc6 {[%emt 0:00:02]} 13. Bb2 {[%emt 0:00:00]} Rc8 {[%emt 0:00:03]} 14. Qe2 {[%emt 0:00:00]} Na5 {[%emt 0:00:06]} 15. Rad1 {[%emt 0:00:00]} Re8 {[%emt 0:00:23]} 16. Ne5 {[%emt 0:00:00]} Bf6 {[%emt 0:00:16]} 17. f4 {[%emt 0:00:00]} Nc6 {[%emt 0:00:21]} 18. Qf2 {[%emt 0:00:00]} Qe7 {[%emt 0:00:16]} 19. Ng4 {[%emt 0:00:00]} Qd8 {[%emt 0:00:18]} 20. Nxf6+ {[%emt 0:00:00]} gxf6 {[%emt 0:00:07]} 21. d5 {[%emt 0:00:00]} exd5 {[%emt 0:00:28]} 22. exd5 {[%emt 0:00:00]} Ne7 {[%emt 0:00:01]} 23. Bxf6 {[%emt 0:00:00]} Qd6 {[%emt 0:00:04]} 24. Bxh7+ {[%emt 0:00:09]} Kf8 {[%emt 0:00:05]} 25. Qh4 {[%emt 0:00:04]} Ng8 {[%emt 0:00:09]} 26. Bxg8 {[%emt 0:00:05]} Kxg8 {[%emt 0:00:06]} 27. Qh8# {[%emt 0:00:18] Qd8} 1-0

[Event "EWIBCC 2019"]
[Site "Monte-Carlo"]
[Date "2019.11.29"]
[Round "9.19"]
[White "Rogule, Laura"]
[Black "Limanovska, Elizabete"]
[Result "1-0"]
[WhiteElo "2293"]
[BlackElo "2178"]
[Annotator "NA"]
[PlyCount "81"]
[EventDate "2019.11.29"]
[EventType "swiss"]
[EventCountry "MNC"]
[SourceTitle "playchess.com"]
[Source "ChessBase"]
[SourceQuality "1"]
[TimeControl "180+2"]

1. c4 {[%emt 0:00:00]} Nf6 {[%emt 0:00:03]} 2. Nf3 {[%emt 0:00:01]} e6 {[%emt 0:00:06]} 3. d4 {[%emt 0:00:03]} b6 {[%emt 0:00:03]} 4. g3 {[%emt 0:00:02]} Bb7 {[%emt 0:00:01]} 5. Bg2 {[%emt 0:00:00]} Be7 {[%emt 0:00:01]} 6. O-O {[%emt 0:00:03]} O-O {[%emt 0:00:01]} 7. Re1 {[%emt 0:00:04]} d5 {[%emt 0:00:08]} 8. Ne5 {[%emt 0:00:20]} Nbd7 {[%emt 0:00:07]} 9. Nc3 {[%emt 0:00:07]} c6 {[%emt 0:00:20]} 10. cxd5 {[%emt 0:00:14]} cxd5 {[%emt 0:00:18]} 11. Bf4 {[%emt 0:00:14]} Nxe5 {[%emt 0:00:09]} 12. Bxe5 {[%emt 0:00:04]} Nd7 {[%emt 0:00:01]} 13. Bf4 {[%emt 0:00:06]} a6 {[%emt 0:00:08]} 14. Rc1 {[%emt 0:00:04]} b5 {[%emt 0:00:08]} 15. Qd2 {[%emt 0:00:19]} Rc8 {[%emt 0:00:02]} 16. Qd3 {[%emt 0:00:28]} Nb6 {[%emt 0:00:15]} 17. b3 {[%emt 0:00:04]} Bd6 {[%emt 0:00:19]} 18. Bd2 {[%emt 0:00:08]} Qd7 {[%emt 0:00:10]} 19. Rc2 {[%emt 0:00:05]} Rc7 {[%emt 0:00:01]} 20. Rec1 {[%emt 0:00:02]} Rfc8 {[%emt 0:00:01]} 21. Nd1 {[%emt 0:00:09]} Ba3 {[%emt 0:00:06]} 22. Rxc7 {[%emt 0:00:05]} Rxc7 {[%emt 0:00:02]} 23. Rxc7 {[%emt 0:00:01]} Qxc7 {[%emt 0:00:01]} 24. Ba5 {[%emt 0:00:02]} b4 {[%emt 0:00:42]} 25. Qd2 {[%emt 0:00:23]} Qd6 {[%emt 0:00:03]} 26. Nb2 {[%emt 0:00:09]} Bxb2 {[%emt 0:00:13]} 27. Qxb2 {[%emt 0:00:02]} Nd7 {[%emt 0:00:12]} 28. Qd2 {[%emt 0:00:03]} Qc6 {[%emt 0:00:04]} 29. Bxb4 {[%emt 0:00:03]} Nf6 {[%emt 0:00:03]} 30. f3 {[%emt 0:00:11]} h6 {[%emt 0:00:03]} 31. Qc3 {[%emt 0:00:04]} Qd7 {[%emt 0:00:05]} 32. Kf2 {[%emt 0:00:05]} Bc6 {[%emt 0:00:02]} 33. Qc5 {[%emt 0:00:04]} Qe8 {[%emt 0:00:03]} 34. e3 {[%emt 0:00:05]} Bb5 {[%emt 0:00:01]} 35. a4 {[%emt 0:00:01]} Bc6 {[%emt 0:00:01]} 36. Bf1 {[%emt 0:00:02]} Qa8 {[%emt 0:00:01]} 37. Qb6 {[%emt 0:00:06]} Bb7 {[%emt 0:00:03]} 38. Qc7 {[%emt 0:00:03]} Ne8 {[%emt 0:00:01]} 39. Qe7 {[%emt 0:00:01]} Nf6 {[%emt 0:00:05]} 40. Bc5 {[%emt 0:00:01]} a5 {[%emt 0:00:02]} 41. Bb5 {[%emt 0:00:02]} 1-0

[Event "EWIBCC 2019"]
[Site "Monte-Carlo"]
[Date "2019.11.29"]
[Round "10.2"]
[White "Muzychuk, Anna"]
[Black "Kosteniuk, Alexandra"]
[Result "0-1"]
[WhiteElo "2543"]
[BlackElo "2483"]
[Annotator "TA"]
[PlyCount "78"]
[EventDate "2019.11.29"]
[EventType "swiss"]
[EventCountry "MNC"]
[SourceTitle "playchess.com"]
[Source "ChessBase"]
[SourceQuality "1"]

{[%evp 33,78,26,17,0,0,-5,11,6,55,50,90,60,77,38,31,-57,0,0,0,0,4,-18,0,-46,0,-5,11,-4,-9,-69,-45,-339,-341,-389,-396,-394,-385,-354,-115,-350,0,-58,-64,-29989,-29988,-29990,-29989]} 1. e4 e5 2. Nf3 Nc6 3. Bb5 a6 4. Ba4 Nf6 5. O-O Be7 6. Re1 b5 7. Bb3 d6 8. c3 O-O 9. h3 h6 10. d4 Re8 11. Nbd2 Bf8 12. Nf1 Bb7 13. Ng3 Na5 14. Bc2 Nc4 15. b3 Nb6 16. a4 bxa4 17. bxa4 a5 18. Bd3 {C93: Closed Ruy Lopez: Smyslov Variation} (18. Rb1 Rb8 19. dxe5 dxe5 20. Qxd8 Rbxd8 21. Rb5 Nfd7 22. Rxa5 Ra8 23. Rxa8 Rxa8 24. Bd2 Nxa4 25. Ra1 Nac5 26. Rxa8 Bxa8 27. Ne1 Be7 28. f3 Bg5 29. Nf1 Bxd2 30. Nxd2 Kf8 31. h4 Bc6 {½-½ (31) Bok,B (2604)-Tkachiev,V (2660) Stockholm 2016}) 18... Qc8 19. Qc2 g6 $146 ({Predecessor:} 19... Ba6 20. Be3 Nc4 21. Bxc4 Bxc4 22. Nd2 Qa6 23. Nxc4 Qxc4 24. Nf1 Rab8 25. Nd2 Qa6 {0-1 (44) Kramer,H-Haeussler,R ICCF corr 1988}) 20. Rb1 {The position is equal.} Bg7 21. Bb5 Re7 22. dxe5 dxe5 23. Ba3 Re6 $1 24. Nf5 (24. Red1 $14) 24... Bf8 ({Black should try} 24... gxf5 $15 25. exf5 Rd6 $1 {[%mdl 512]} 26. Nxe5 c5) 25. Bxf8 $11 Qxf8 26. Ng3 Qc5 27. Red1 Rd6 28. Rxd6 (28. Re1 {looks sharper.} Kg7 29. Nf1 Rdd8 30. N3d2 Nc8 31. Ne3) 28... cxd6 29. Nd2 d5 30. Nb3 Qc7 31. exd5 (31. Qd2 $11) 31... Nbxd5 $15 32. c4 $2 {[%mdl 8192]} (32. Ne2 $15) 32... Nf4 $19 {[%mdl 64] Discovered Attack} 33. f3 {[#]} e4 $1 {[%cal Re4f3][%mdl 512]} 34. Nxe4 (34. fxe4 Nxh3+) 34... Nxe4 35. fxe4 {[#]} Qe5 $2 (35... Nxh3+ $1 $19 {[%mdl 512] is more deadly.} 36. gxh3 Qg3+ {[%mdl 64] Double Attack} 37. Qg2 Qxg2+ 38. Kxg2 Bxe4+ {[%mdl 64] Double Attack} 39. Kg3 Bxb1) 36. Re1 $2 {[#]} (36. Nd2 $17) 36... Qg5 $2 (36... Nxh3+ $1 $19 {[%mdl 512]} 37. gxh3 Qg3+ {[%mdl 64] Double Attack} 38. Kf1 Rd8) 37. Kh1 (37. Kh2 $1 $11) 37... Qg3 $15 38. Nc5 $2 {[%mdl 8192]} (38. Rf1 $15) 38... Qxe1+ 39. Kh2 Ne2 {Accuracy: White =  7%, Black = 29%.} 0-1

[Event "EWIBCC 2019"]
[Site "Monte-Carlo"]
[Date "2019.11.29"]
[Round "10.3"]
[White "Sebag, Marie"]
[Black "Savina, Anastasia"]
[Result "1-0"]
[WhiteElo "2443"]
[BlackElo "2354"]
[Annotator "NA"]
[PlyCount "91"]
[EventDate "2019.11.29"]
[EventType "swiss"]
[EventCountry "MNC"]
[SourceTitle "playchess.com"]
[Source "ChessBase"]
[SourceQuality "1"]
[TimeControl "180+2"]

1. e4 {[%emt 0:00:00]} e5 {[%emt 0:00:02]} 2. Nf3 {[%emt 0:00:00]} Nc6 {[%emt 0:00:01]} 3. Bb5 {[%emt 0:00:01]} a6 {[%emt 0:00:01]} 4. Ba4 {[%emt 0:00:01]} Nf6 {[%emt 0:00:02]} 5. O-O {[%emt 0:00:02]} Be7 {[%emt 0:00:01]} 6. Re1 {[%emt 0:00:02]} b5 {[%emt 0:00:01]} 7. Bb3 {[%emt 0:00:01]} d6 {[%emt 0:00:01]} 8. c3 {[%emt 0:00:05]} O-O {[%emt 0:00:01]} 9. h3 {[%emt 0:00:02]} Nb8 {[%emt 0:00:01]} 10. d4 {[%emt 0:00:03]} Nbd7 {[%emt 0:00:02]} 11. c4 {[%emt 0:00:11]} c6 {[%emt 0:00:09]} 12. Qc2 {[%emt 0:00:10]} Bb7 {[%emt 0:00:09]} 13. Nc3 {[%emt 0:00:13]} b4 {[%emt 0:00:03]} 14. Na4 {[%emt 0:00:11]} c5 {[%emt 0:00:02]} 15. d5 {[%emt 0:00:22]} Nh5 {[%emt 0:00:17]} 16. a3 {[%emt 0:02:08]} a5 {[%emt 0:00:01]} 17. Be3 {[%emt 0:00:00]} g6 {[%emt 0:00:06]} 18. Bh6 {[%emt 0:00:00]} Ng7 {[%emt 0:00:04]} 19. Qd2 {[%emt 0:00:00]} Nf6 {[%emt 0:00:20]} 20. Bc2 {[%emt 0:00:00]} Kh8 {[%emt 0:00:05]} 21. b3 {[%emt 0:00:00]} Ng8 {[%emt 0:00:02]} 22. Bg5 {[%emt 0:00:00]} Bxg5 {[%emt 0:00:37]} 23. Qxg5 {[%emt 0:00:00]} f6 {[%emt 0:00:05]} 24. Qe3 {[%emt 0:00:00]} Qc7 {[%emt 0:00:33]} 25. Nd2 {[%emt 0:00:00]} f5 {[%emt 0:00:11]} 26. f4 {[%emt 0:00:00]} exf4 {[%emt 0:00:08]} 27. Qxf4 {[%emt 0:00:00]} fxe4 {[%emt 0:00:04]} 28. Qxe4 {[%emt 0:00:00]} Rae8 {[%emt 0:00:09]} 29. Qh4 {[%emt 0:00:00]} Ne7 {[%emt 0:00:22]} 30. axb4 {[%emt 0:00:00]} axb4 {[%emt 0:00:01]} 31. g4 {[%emt 0:00:02]} Kg8 {[%emt 0:00:14]} 32. Ne4 {[%emt 0:00:02]} Bc8 {[%emt 0:00:05]} 33. Nf6+ {[%emt 0:00:01]} Rxf6 {[%emt 0:00:01]} 34. Qxf6 {[%emt 0:00:00]} Qd7 {[%emt 0:00:04]} 35. Nb6 {[%emt 0:00:04]} Qd8 {[%emt 0:00:01]} 36. Nxc8 {[%emt 0:00:02]} Nxc8 {[%emt 0:00:02]} 37. Qxd8 {[%emt 0:00:04]} Rxd8 {[%emt 0:00:01]} 38. Ra8 {[%emt 0:00:02]} Kf7 {[%emt 0:00:02]} 39. Rb8 {[%emt 0:00:03]} Ne8 {[%emt 0:00:03]} 40. Rb7+ {[%emt 0:00:05]} Kg8 {[%emt 0:00:02]} 41. Ra1 {[%emt 0:00:03]} Nf6 {[%emt 0:00:03]} 42. Ra8 {[%emt 0:00:02]} Re8 {[%emt 0:00:02]} 43. Rbb8 {[%emt 0:00:02]} Kg7 {[%emt 0:00:02]} 44. Rxc8 {[%emt 0:00:01]} Re2 {[%emt 0:00:02]} 45. g5 {[%emt 0:00:02]} Rxc2 {[%emt 0:00:02]} 46. Rc7+ {[%emt 0:00:03]} 1-0

[Event "EWIBCC 2019"]
[Site "Monte-Carlo"]
[Date "2019.11.29"]
[Round "10.4"]
[White "Zhukova, Natalia"]
[Black "Stefanova, Antoaneta"]
[Result "0-1"]
[WhiteElo "2323"]
[BlackElo "2481"]
[Annotator "TA"]
[PlyCount "124"]
[EventDate "2019.11.29"]
[EventType "swiss"]
[EventCountry "MNC"]
[SourceTitle "playchess.com"]
[Source "ChessBase"]
[SourceQuality "1"]

{[%evp 13,124,0,69,68,133,126,135,77,78,83,85,89,93,83,82,92,130,136,144,139,131,113,134,97,102,123,137,7,10,10,5,0,0,-11,0,-20,-17,-119,12,14,41,41,19,-8,-3,-56,-45,-46,-47,-50,-26,-74,-76,-119,-119,-154,-144,-165,-108,-97,-2,-2,0,-7,0,0,0,-2,10,0,0,-132,-135,-143,-122,-128,-120,-199,-180,-358,-355,-347,-289,-343,-341,-369,-297,-367,-362,-29952,-29959,-12834,-7237,-4719,-2068,-29971,-29972,-29965,-29968,-29968,-29969,-29975,-29974,-29979,-29981,-29982,-29983,-29983,-29984,-29986,-29987,-29987,-29988]} 1. c4 Nf6 2. Nc3 c5 3. Nf3 Nc6 4. d4 cxd4 5. Nxd4 e6 6. g3 Qb6 7. Ndb5 Bc5 (7... d5 $11) 8. Bg2 $14 {A33: Symmetrical English: 2 Nf3 Nf6 3 d4 cxd4 4 Nxd4 e6 5 Nc3 Nc6} (8. e3 O-O 9. Bg2 a6 10. Na3 Bxa3 11. bxa3 Ne5 12. Na4 Qd8 13. Qb3 d5 14. cxd5 exd5 15. O-O b5 {½-½ (75) Fressinet,L (2702)-Short,N (2707) Bastia 2012}) 8... a6 (8... d5 $14) 9. Nd6+ $16 Ke7 {[#]} 10. Nxc8+ ({Better is} 10. Nde4 $1) 10... Raxc8 11. O-O Rhd8 12. Na4 Qa7 13. Nxc5 Qxc5 14. Be3 $36 {[%mdl 2048] White is on the roll.} Qe5 $146 ({Predecessor:} 14... Qxc4 15. Bb6 d5 {1-0 (55) Diez Fraile,D (2167)-Alberdi Sololuce,P (2192) Bergara 2013}) 15. Bb6 Re8 16. f4 Qb8 17. e4 d6 18. e5 Nd7 19. Be3 {Hoping for Qh5.} dxe5 20. fxe5 (20. Qh5 $16) 20... Qxe5 $11 21. Qf3 Nf6 22. Bf4 Qc5+ 23. Kh1 Kf8 24. g4 {g5 is the strong threat.} Kg8 ({And not} 24... Qxc4 25. Bd6+ Kg8 26. g5 $16) 25. Rad1 (25. b3 $11) 25... e5 (25... Qxc4 $17 {aiming for ...Red8.} 26. g5 Nd5) 26. Be3 Qe7 (26... Qxc4 27. g5) 27. g5 {[%mdl 1024] White has compensation.} Nd7 $1 28. Bh3 Rcd8 29. Bf5 (29. Rd2 $11) 29... Nf8 30. Be4 Rxd1 31. Rxd1 Nd4 32. Qf2 Nfe6 33. h4 b5 34. Bd5 bxc4 35. Bxc4 Qb7+ ({Black should play} 35... g6 $19 36. b3 Nf5) 36. Qg2 $17 Qxg2+ (36... Qc8 $17 37. Rc1 Rd8) 37. Kxg2 $11 Nf5 38. Bf2 h6 39. gxh6 gxh6 40. Rd7 a5 41. b3 Kg7 42. Be1 (42. Ra7 $11) 42... Ne3+ $17 43. Kf3 Nxc4 44. bxc4 {[%mdl 4096] Endgame KRB-KRN} Rc8 45. Bxa5 (45. Rd5 $17) 45... Rxc4 $19 46. Bd2 $2 (46. h5) 46... Rxh4 47. Ra7 Rh3+ 48. Ke4 Kf6 49. a4 Nc5+ 50. Kd5 {[#]} Nxa4 $1 {[%mdl 512] White must now prevent ...Rd3+.} 51. Bxh6 $2 (51. Ra6+ $19 Kf5 52. Bxh6) (51. Rxa4 Rd3+) 51... Nc3+ 52. Kc4 Rxh6 53. Kxc3 {KR-KR} Rh3+ 54. Kd2 e4 {Black mates.} 55. Ke2 Ke6 56. Ra6+ Ke5 57. Ra7 f5 58. Re7+ Kf4 59. Kf2 Rh2+ 60. Kg1 Ra2 61. Kf1 Kf3 {[%cal Ra2a1]} 62. Ke1 e3 {Accuracy: White = 32%, Black = 70%.} 0-1

[Event "EWIBCC 2019"]
[Site "Monte-Carlo"]
[Date "2019.11.29"]
[Round "10.5"]
[White "Bulmaga, Irina"]
[Black "Muzychuk, Mariya"]
[Result "1-0"]
[WhiteElo "2435"]
[BlackElo "2552"]
[Annotator "TA"]
[PlyCount "123"]
[EventDate "2019.11.29"]
[EventType "swiss"]
[EventCountry "MNC"]
[SourceTitle "playchess.com"]
[Source "ChessBase"]
[SourceQuality "1"]

{[%evp 9,123,-11,-2,0,0,4,12,-32,-23,-37,46,0,0,-17,-4,-22,-16,-56,33,29,43,37,50,20,11,0,0,0,0,0,61,23,22,16,49,50,60,54,70,50,64,0,0,-52,0,0,0,0,0,0,0,0,0,-37,0,0,0,0,110,-5,113,113,113,113,113,113,113,113,113,113,113,112,112,112,112,0,112,112,112,112,112,89,113,113,113,113,186,186,186,186,1402,225,1402,225,29958,29952,12794,10458,29974,29976,29978,29979,29980,29981,29981,29982,29981,29982,29983,29984,29985,29986,29987,29988,29988,29989]} 1. e4 c5 2. Be2 e6 3. f4 d5 4. d3 Nc6 5. Nf3 Nf6 (5... Bd6 6. c3 Nge7 7. O-O f6 8. Na3 O-O 9. Be3 b6 10. Nb5 Bb8 11. a4 a6 12. Na3 Bb7 13. Qe1 {1-0 (46) Kovalev,V (2649)-Moiseenko,A (2628) Riga 2019}) 6. e5 {B21: Sicilian: 2 f4 and Morra Gambit} Nd7 7. O-O f6 8. exf6 {The position is equal.} Nxf6 9. c3 d4 $146 (9... Bd6 $15) ({Predecessor:} 9... Qb6 10. Kh1 Bd7 11. Na3 O-O-O 12. Nc2 {1-0 (44) Costa Trave,J (1939)-Cervera Lopez,M (1870) Barcelona 2016}) 10. c4 Bd6 11. Ng5 O-O 12. Bf3 Qc7 13. g3 Bd7 (13... e5 $15 14. f5 Ne7) 14. Nd2 $14 Rae8 15. Nde4 Be7 16. Bg2 Nxe4 17. Bxe4 Bxg5 $1 18. fxg5 {[#] Hoping for Bf4.} e5 19. Bd2 g6 (19... Rxf1+ $11 20. Qxf1 Qc8) 20. h4 Rxf1+ 21. Qxf1 Rf8 22. Qg2 Qd6 23. Rf1 Rxf1+ 24. Qxf1 {[#] Threatens to win with Bd5+.} Qf8 25. Qxf8+ ({Better is} 25. Bd5+ $14 Kg7 26. Qe2) 25... Kxf8 {[%mdl 4096] Endgame KBB-KBN} 26. a3 (26. Kf2 $11) 26... b6 ({Black should try} 26... Bf5 $15) 27. Kf2 Ne7 28. b4 Nf5 29. bxc5 bxc5 30. Kf3 Ke7 31. Ba5 Nd6 32. Bc7 $1 Nxe4 33. Kxe4 $11 {KB-KB} Bf5+ (33... Ke6 $11 {remains equal.} 34. Kf3 (34. Bxe5 Bc6+ 35. Kf4 Bg2 $11) 34... Bc6+ 35. Ke2 a6) 34. Kxe5 ({White has to play} 34. Kd5 $16) 34... Bxd3 (34... Kd7 $11 {keeps the balance.} 35. Ba5 (35. Bd6 Kc6 $19) 35... Kc6) 35. Bd6+ $16 Kf7 36. Bxc5 Bxc4 37. Kxd4 Bb3 38. Bxa7 Ke6 39. Kc5 Bd1 40. Kb6 Kd5 41. Kb5 Be2+ 42. Kb6 Bd1 $1 43. Bb8 Bc2 44. Bf4 Bd1 45. Kc7 Ke6 46. Kc6 Bc2 47. Kb5 Kd7 (47... Bd3+ $16 48. Kc5 Bc2) 48. a4 $18 {[%cal Ba3a4,Ba4a5][%mdl 32]} Kc8 49. a5 Kb7 $2 (49... Be4 50. a6 Bd3+ 51. Kb6 Be4) 50. Kc5 $2 (50. a6+ Kc8 51. Be5) 50... Ka6 $2 (50... Bd3 51. Bd2 Kc7) 51. Bd2 Bd3 $2 (51... Kb7 $18 52. Kc4 Kc7) 52. Kd4 Bb1 53. Ke5 Kb7 54. Kf6 {White mates.} Bd3 55. Kg7 Kc6 56. Kxh7 Kd5 57. g4 Ke6 58. Kg7 Ke5 59. h5 gxh5 60. gxh5 Kf5 61. g6 Kg4 62. h6 {Accuracy: White = 53%, Black = 39%.} 1-0